00805cam a22002651 450000100060000000300080000600500170001400800390003103500190007003500190008904000410010804100080014908200170015710000310017424500580020526000390026330000210030249000310032350400310035450400200038560000470040565100550045283000120050783000200051924936BD-RjUL20211209050816.0140315s1953 enk b 001 0 eng a(BD-RjUL)25005 a(OCoLC)3081734 aDLCcKyLoUdOCoLCdDLCdBD-RjULbeng aeng a942.073bPAK1 aPares, Richardd1902-1958.00aKing George III and the politicians /cPares Richard, aOxford :bClarendon Press,c1953. a214 p. ;c23 cm.1 aThe Ford lectures,v1951-2 aBibliographical footnotes. aIncludes index.00aGeorgecKing of Great Britain,d1738-1820. 0aGreat BritainxPolitics and governmenty1760-1820. 0v1951-2. 0aFord lectures ;